[Event "FIDE World Rapid Team"]
[Site "London ENG"]
[Date "2025.06.12"]
[Round "7.1"]
[White "Navara, David"]
[Black "Anand, Viswanathan"]
[Result "1-0"]
[WhiteTitle "GM"]
[BlackTitle "GM"]
[WhiteElo "2657"]
[BlackElo "2743"]
[WhiteTeam "Hetman GKS Katowice"]
[BlackTeam "Freedom"]
[WhiteFideId "309095"]
[BlackFideId "5000017"]
[EventDate "2025.06.11"]
[EventType "team"]

1. e4 e6 2. d4 d5 3. Nc3 Nf6 4. e5 Nfd7 5. f4 c5 6. Nf3 Nc6 7. Be3 cxd4 8. Nxd4
Qb6 9. a3 Bc5 10. Ncb5 a6 11. b4 axb5 12. bxc5 Qa5+ 13. Bd2 Qa4 14. Nxb5 O-O 15.
c4 d4 16. Bd3 Nxc5 17. Qb1 Nxd3+ 18. Qxd3 b6 19. O-O Ba6 20. Rab1 Bxb5 21. cxb5
Ne7 22. Bb4 Rfe8 23. Qxd4 Nd5 24. f5 Qxb5 25. f6 g6 26. Qd2 Nxb4 27. axb4 1-0

[Event "FIDE World Rapid Team"]
[Site "London ENG"]
[Date "2025.06.12"]
[Round "7.2"]
[White "Sevian, Samuel"]
[Black "Klimkowski, Jan"]
[Result "1/2-1/2"]
[WhiteTitle "GM"]
[BlackTitle "GM"]
[WhiteElo "2687"]
[BlackElo "2508"]
[WhiteTeam "Freedom"]
[BlackTeam "Hetman GKS Katowice"]
[WhiteFideId "2040506"]
[BlackFideId "21856222"]
[EventDate "2025.06.11"]
[EventType "team"]

1. c4 e5 2. g3 Be7 3. Nc3 f5 4. d4 d6 5. Bh3 e4 6. f3 Nf6 7. Bg5 O-O 8. e3 exf3
9. Nxf3 Ne4 10. Bxe7 Qxe7 11. Nd5 Qd8 12. Nd2 Ng5 13. Bg2 c6 14. Nf4 Qe7 15. Qb3
Nd7 16. h4 Nf7 17. O-O Nf6 18. Rae1 g5 19. hxg5 Nxg5 20. Re2 Kh8 21. d5 c5 22.
Qc3 Qg7 23. e4 Ng4 24. Qxg7+ Kxg7 25. exf5 Bxf5 26. Re7+ Rf7 27. Rxf7+ Nxf7 28.
Ne6+ Bxe6 29. dxe6 Ng5 30. Ne4 Nxe6 31. Nxd6 Rd8 32. Nf5+ Kg6 33. Ne7+ Kg7 34.
Bd5 Ne3 35. Nf5+ Nxf5 36. Rxf5 Rd6 37. Bxe6 Rxe6 38. Rxc5 Kg6 39. Rc7 Rb6 40. b3
a5 41. Rc5 a4 42. bxa4 Rb2 43. a3 Ra2 44. a5 Rxa3 45. Kf2 h5 46. Kg2 Kh6 47. Kh3
Ra1 48. Kg2 Ra3 49. Kf2 Kg6 50. Rb5 Kh6 51. c5 Kg6 52. Ke2 Kf6 53. Kf2 Kg6 54.
Kg2 Kf6 55. c6 bxc6 56. Rxh5 Rc3 57. a6 c5 58. a7 Ra3 59. Rh7 c4 60. Kf2 c3 61.
Ke3 c2+ 62. Kd2 Ra2 63. Rc7 Kg5 64. Rg7+ Kf6 65. Rg4 Rxa7 66. Kxc2 Rd7 67. Kc3
Rd8 68. Rd4 Rxd4 69. Kxd4 Kf5 70. g4+ Kxg4 1/2-1/2

[Event "FIDE World Rapid Team"]
[Site "London ENG"]
[Date "2025.06.12"]
[Round "7.3"]
[White "Seemann, Jakub"]
[Black "Le, Quang Liem"]
[Result "0-1"]
[WhiteTitle "IM"]
[BlackTitle "GM"]
[WhiteElo "2450"]
[BlackElo "2729"]
[WhiteTeam "Hetman GKS Katowice"]
[BlackTeam "Freedom"]
[WhiteFideId "21874697"]
[BlackFideId "12401137"]
[EventDate "2025.06.11"]
[EventType "team"]

1. d4 Nf6 2. c4 e6 3. Nf3 d5 4. Nc3 Nbd7 5. cxd5 exd5 6. Bg5 h6 7. Bh4 Bb4 8.
Qc2 c5 9. e3 Qa5 10. Bd3 c4 11. Bf5 O-O 12. O-O Re8 13. Nd2 Qa6 14. b3 Nb6 15.
Bxf6 Bxf5 16. Qxf5 Bxc3 17. Qg4 g6 18. Rad1 Qxa2 19. Nf3 cxb3 20. Qf4 Nd7 21.
Ne5 Rxe5 22. dxe5 b2 23. Bh8 Kxh8 24. Qxf7 Nxe5 25. Qxb7 Rd8 26. f4 Ng4 27. Qe7
Qa5 28. f5 Qb6 29. Kh1 Qd6 30. Qh4 gxf5 31. Rxf5 Nxe3 32. Rh5 Bg7 33. Rb1 Rc8
34. Qe1 Qg6 0-1

[Event "FIDE World Rapid Team"]
[Site "London ENG"]
[Date "2025.06.12"]
[Round "7.4"]
[White "Sarana, Alexey"]
[Black "Cieslak, Patryk"]
[Result "1-0"]
[WhiteTitle "GM"]
[BlackTitle "FM"]
[WhiteElo "2686"]
[BlackElo "2442"]
[WhiteTeam "Freedom"]
[BlackTeam "Hetman GKS Katowice"]
[WhiteFideId "24133795"]
[BlackFideId "21078882"]
[EventDate "2025.06.11"]
[EventType "team"]

1. d4 Nf6 2. c4 e6 3. Nc3 Bb4 4. e3 O-O 5. Bd3 d5 6. a3 dxc4 7. Bxh7+ Nxh7 8.
axb4 Nc6 9. b5 Nb4 10. Nf3 Nd3+ 11. Kf1 Nf6 12. h3 e5 13. Nxe5 Nxe5 14. dxe5
Qxd1+ 15. Nxd1 Nd7 16. f4 Nc5 17. Nc3 Bf5 18. g4 Bd3+ 19. Kf2 Ne4+ 20. Kf3 Nxc3
21. bxc3 Rfe8 22. Rh2 Re6 23. Rha2 Rb6 24. Rxa7 Rxa7 25. Rxa7 Rxb5 26. Ra8+ Kh7
27. Rf8 Rb3 28. Rxf7 Rxc3 29. Bb2 Rb3 30. Ba1 c5 31. e6 c3 32. f5 Kg8 33. Bxc3
Rxc3 34. Rxb7 Kf8 35. Rf7+ Kg8 36. Rc7 Kf8 37. Rc8+ Ke7 38. Rg8 Bb5 39. Rxg7+
Kd6 40. e7 Bc6+ 41. Kf2 Rc2+ 42. Kg3 Rg2+ 43. Kf4 Rf2+ 44. Kg5 c4 45. Rg6+ Kxe7
46. Rxc6 1-0

[Event "FIDE World Rapid Team"]
[Site "London ENG"]
[Date "2025.06.12"]
[Round "7.5"]
[White "Tsatsalashvili, Keti"]
[Black "Injac, Teodora"]
[Result "0-1"]
[WhiteTitle "WGM"]
[BlackTitle "IM"]
[WhiteElo "2305"]
[BlackElo "2457"]
[WhiteTeam "Hetman GKS Katowice"]
[BlackTeam "Freedom"]
[WhiteFideId "13603434"]
[BlackFideId "932400"]
[EventDate "2025.06.11"]
[EventType "team"]

1. d4 Nf6 2. c4 e6 3. Nf3 Bb4+ 4. Bd2 a5 5. Nc3 O-O 6. Qc2 d5 7. e3 b6 8. cxd5
exd5 9. Bd3 c5 10. dxc5 bxc5 11. O-O c4 12. Bf5 Nc6 13. Rfd1 Bc5 14. a3 Rb8 15.
Bxc8 Qxc8 16. Na4 Be7 17. Bc3 Rd8 18. Ng5 h6 19. Nh3 Ne4 20. Nf4 Nxc3 21. bxc3
Rb5 22. Rab1 Rxb1 23. Qxb1 Bxa3 24. Rxd5 Rxd5 25. Nxd5 Qg4 26. h3 Qe2 27. Qf1
Qa2 28. Nab6 Ne5 29. Nf4 Bc5 30. Nbd5 a4 31. Qd1 a3 32. Nh5 Qb3 33. Ndf6+ gxf6
34. Qd8+ Kh7 35. Qxf6 Qd1+ 36. Kh2 Qxh5 0-1

[Event "FIDE World Rapid Team"]
[Site "London ENG"]
[Date "2025.06.12"]
[Round "7.6"]
[White "Mani, Sarbartho"]
[Black "Smolinski, Wojciech"]
[Result "1-0"]
[WhiteElo "1847"]
[BlackElo "1987"]
[WhiteTeam "Freedom"]
[BlackTeam "Hetman GKS Katowice"]
[WhiteFideId "366112022"]
[BlackFideId "21088683"]
[EventDate "2025.06.11"]
[EventType "team"]

1. d4 Nf6 2. Nf3 g6 3. g3 d5 4. Bg2 Bg7 5. O-O O-O 6. b3 c6 7. Bb2 a5 8. a4 Nbd7
9. Nbd2 b6 10. Re1 Bb7 11. Rc1 Rc8 12. c4 Re8 13. e3 Nb8 14. Ne5 Na6 15. Ba3 e6
16. Qe2 Bf8 17. Bxf8 Rxf8 18. f4 Nb4 19. g4 c5 20. g5 Ne4 21. Nxe4 dxe4 22. dxc5
Nd3 23. Rcd1 bxc5 24. Nxd3 exd3 25. Rxd3 Qb6 26. Bxb7 Qxb7 27. Red1 Rb8 28. h4
Qe4 29. Qg2 Qf5 30. Qf3 e5 31. e4 Qxf4 32. Qxf4 exf4 33. Kf2 Rb4 34. Kf3 Rfb8
35. Rd8+ Kg7 36. Rxb8 Rxb8 37. Rd3 Kf8 38. Kxf4 Ke7 39. e5 Rb6 40. Ke4 Ke6 41.
Rf3 Ke7 42. Kd5 Re6 43. Rf6 Rxf6 44. exf6+ Kd7 45. Kxc5 1-0

[Event "FIDE World Rapid Team"]
[Site "London ENG"]
[Date "2025.06.12"]
[Round "7.1"]
[White "Nogerbek, Kazybek"]
[Black "Van Foreest, Jorden"]
[Result "1-0"]
[WhiteTitle "GM"]
[BlackTitle "GM"]
[WhiteElo "2538"]
[BlackElo "2687"]
[WhiteTeam "Barys.kz"]
[BlackTeam "Knight Dance"]
[WhiteFideId "13710427"]
[BlackFideId "1039784"]
[EventDate "2025.06.11"]
[EventType "team"]

1. d4 Nf6 2. c4 c6 3. Nf3 d5 4. Nc3 dxc4 5. a4 a5 6. e4 Bg4 7. Be3 e6 8. Bxc4
Nbd7 9. h3 Bh5 10. Qd3 Bb4 11. Nd2 Bg6 12. f4 Qe7 13. g4 Nd5 14. O-O Nc5 15.
Nxd5 exd5 16. dxc5 O-O-O 17. f5 dxc4 18. Qe2 Bxd2 19. Bxd2 Rd3 20. Bf4 Rxh3 21.
Kg2 Rd3 22. Rad1 Qxc5 23. fxg6 Rxd1 24. Qxd1 hxg6 25. Qd6 Qxd6 26. Bxd6 f6 27.
g5 Kd7 28. Bc5 Ke6 29. gxf6 gxf6 30. Bd4 Rf8 31. Bc3 b6 32. Kg3 f5 33. Re1 Kd6
34. e5+ Ke6 35. Rd1 f4+ 36. Kf2 b5 37. Rd6+ Kf5 38. Bxa5 Kxe5 39. Rxc6 bxa4 40.
Rxc4 g5 41. Kf3 Rb8 42. Bc3+ Kf5 43. Rc5+ Ke6 44. Ra5 Rg8 45. Rxa4 Kd5 46. Kg4
Rf8 47. Rd4+ Kc5 48. Rd1 Kc4 49. Rd4+ Kb3 50. Kf3 Rg8 51. Rd2 Rg6 52. Kg4 Rg8
53. Bf6 Rg6 54. Bxg5 f3 55. Rf2 Rg8 56. Kf5 Rg7 57. Rxf3+ 1-0

[Event "FIDE World Rapid Team"]
[Site "London ENG"]
[Date "2025.06.12"]
[Round "7.2"]
[White "Moussard, Jules"]
[Black "Makhnev, Denis"]
[Result "1/2-1/2"]
[WhiteTitle "GM"]
[BlackTitle "GM"]
[WhiteElo "2597"]
[BlackElo "2531"]
[WhiteTeam "Knight Dance"]
[BlackTeam "Barys.kz"]
[WhiteFideId "642908"]
[BlackFideId "13707647"]
[EventDate "2025.06.11"]
[EventType "team"]

1. Nf3 d5 2. e3 Nf6 3. b3 e6 4. Bb2 h6 5. d4 b6 6. Bd3 Nbd7 7. Nbd2 Bb7 8. O-O
Bd6 9. Ne5 c5 10. f4 Qc7 11. Qe2 a6 12. a4 O-O 13. Rac1 Rfe8 14. c4 Nf8 15. Ng4
Nxg4 16. Qxg4 f5 17. Qe2 Qe7 18. Nf3 Nd7 19. Ne5 Nf6 20. cxd5 Bxd5 21. Nc4 Bxc4
22. Bxc4 a5 23. Rfd1 Rad8 24. Bb5 Rf8 25. Bc6 Kh7 26. Bf3 Rd7 27. Qb5 Rb8 28. g3
Rdd8 29. Kg2 h5 30. Qe2 Qf7 31. Rd3 h4 32. gxh4 Ne4 33. Kh1 Be7 34. Rg1 Bxh4 35.
Bxe4 fxe4 36. Rd2 Bf6 37. Qg2 Kg8 38. Qxe4 Qb7 39. Qxb7 Rxb7 40. Rgd1 b5 41.
dxc5 Rxd2 42. Rxd2 Bxb2 43. c6 Rc7 44. Rd8+ Kf7 45. axb5 Ke7 46. Ra8 Ba3 47. b6
Rxc6 48. b7 Bd6 49. b8=Q Bxb8 50. Rxb8 Rc3 51. e4 Rf3 52. Rb7+ Kf6 53. e5+ Kf5
54. Rxg7 Rxb3 55. Rf7+ Kg4 56. Kg2 Rb2+ 57. Kf1 a4 58. Ra7 Ra2 59. Ke1 Kxf4 60.
Kd1 Kxe5 61. h4 Kf4 62. h5 e5 63. h6 e4 64. h7 Rh2 65. Rxa4 Rxh7 66. Ra3 Rh2 67.
Ke1 Rg2 68. Rb3 Rg3 69. Rxg3 Kxg3 70. Ke2 Kf4 71. Kf2 e3+ 72. Ke2 Ke4 73. Ke1
Kd3 74. Kd1 e2+ 75. Ke1 Ke3 1/2-1/2

[Event "FIDE World Rapid Team"]
[Site "London ENG"]
[Date "2025.06.12"]
[Round "7.3"]
[White "Agmanov, Zhandos"]
[Black "Dardha, Daniel"]
[Result "1/2-1/2"]
[WhiteTitle "IM"]
[BlackTitle "GM"]
[WhiteElo "2481"]
[BlackElo "2646"]
[WhiteTeam "Barys.kz"]
[BlackTeam "Knight Dance"]
[WhiteFideId "13708309"]
[BlackFideId "240990"]
[EventDate "2025.06.11"]
[EventType "team"]

1. e4 c5 2. Nf3 Nc6 3. Bb5 e6 4. O-O Nge7 5. Re1 a6 6. Bf1 b6 7. Nc3 Bb7 8. d4
cxd4 9. Nxd4 Nxd4 10. Qxd4 Nc6 11. Qd3 Bc5 12. Be3 Ne5 13. Qd2 Qc7 14. Bxc5 Qxc5
15. Rad1 f6 16. Na4 Qc7 17. f4 Ng6 18. Qd6 Qxd6 19. Rxd6 Nxf4 20. Rxb6 Bc6 21.
Nc5 a5 22. g3 Ng6 23. Nxe6 dxe6 24. Rxc6 Ne5 25. Rc3 Ke7 26. a4 Rhc8 27. Ree3
Ng4 28. Rf3 Ne5 29. Rfe3 Ng4 30. Rf3 Ne5 31. Rfe3 1/2-1/2

[Event "FIDE World Rapid Team"]
[Site "London ENG"]
[Date "2025.06.12"]
[Round "7.4"]
[White "Maurizzi, Marc'Andria"]
[Black "Mamedov, Edgar"]
[Result "1-0"]
[WhiteTitle "GM"]
[BlackTitle "IM"]
[WhiteElo "2607"]
[BlackElo "2509"]
[WhiteTeam "Knight Dance"]
[BlackTeam "Barys.kz"]
[WhiteFideId "36083534"]
[BlackFideId "13739980"]
[EventDate "2025.06.11"]
[EventType "team"]

1. e4 c5 2. Nf3 Nc6 3. Bb5 e6 4. c3 d5 5. d3 Bd7 6. Bf4 Nge7 7. O-O Ng6 8. exd5
exd5 9. Re1+ Be7 10. Bd6 O-O 11. Bxc6 Bxc6 12. Bxe7 Nxe7 13. d4 c4 14. Nbd2 Qd6
15. Nf1 Rae8 16. Ne5 Bb5 17. a4 Bd7 18. b3 Be6 19. bxc4 dxc4 20. Ne3 Rc8 21. Qe2
Qc7 22. Qf3 Ng6 23. Nxg6 hxg6 24. Rab1 b6 25. Rb5 Qd6 26. Ra1 Rfe8 27. Qg3 Qe7
28. h4 Bd7 29. Rg5 Qf8 30. h5 gxh5 31. Rxh5 Re6 32. Nf5 f6 33. Nh6+ Kh7 34. Nf5+
Kg8 35. Qg6 1-0

[Event "FIDE World Rapid Team"]
[Site "London ENG"]
[Date "2025.06.12"]
[Round "7.5"]
[White "Balabayeva, Xeniya"]
[Black "Roebers, Eline"]
[Result "1/2-1/2"]
[WhiteTitle "WGM"]
[BlackTitle "IM"]
[WhiteElo "2352"]
[BlackElo "2356"]
[WhiteTeam "Barys.kz"]
[BlackTeam "Knight Dance"]
[WhiteFideId "13719688"]
[BlackFideId "1058401"]
[EventDate "2025.06.11"]
[EventType "team"]

1. d4 d6 2. Nf3 Nf6 3. g3 Nbd7 4. Bg2 e5 5. c4 g6 6. Nc3 Bg7 7. O-O O-O 8. e4 c6
9. Re1 Re8 10. h3 Qa5 11. d5 cxd5 12. Nxd5 Nxd5 13. cxd5 Nc5 14. Bd2 Qd8 15. b4
Na6 16. Rb1 f5 17. a4 Nc7 18. b5 Rf8 19. Bg5 Qd7 20. Be3 Ne8 21. Ng5 Qe7 22. Qd2
Qf6 23. exf5 gxf5 24. f4 e4 25. Qa2 Qe7 26. Rec1 Bd7 27. a5 Kh8 28. Bf1 Bf6 29.
a6 b6 30. Kh2 Rg8 31. Rc2 Rd8 32. Rbc1 h6 33. h4 hxg5 34. hxg5 Bg7 35. Kg1 Rf8
36. Rh2+ Kg8 37. Be2 Rc8 38. Rxc8 Bxc8 39. Bh5 Bh8 40. Bg6 Qg7 41. Rh6 Qc3 42.
Qf2 Bd7 43. Bh7+ Kf7 44. Bg6+ Ke7 45. Rh7+ Kd8 46. Bxe8 Kxe8 47. Kg2 Qc4 48.
Bxb6 Qxb5 49. Bxa7 Qxa6 50. Bd4 Bxd4 51. Qxd4 Qe2+ 52. Kg1 Qe1+ 53. Kh2 Qe2+ 54.
Kg1 Qe1+ 55. Kh2 Qe2+ 56. Kg1 Qe1+ 57. Kh2 1/2-1/2

[Event "FIDE World Rapid Team"]
[Site "London ENG"]
[Date "2025.06.12"]
[Round "7.6"]
[White "Phulpin, Theo"]
[Black "Nurakyn, Suleiman"]
[Result "0-1"]
[WhiteElo "1773"]
[BlackElo "1773"]
[WhiteTeam "Knight Dance"]
[BlackTeam "Barys.kz"]
[WhiteFideId "36001600"]
[BlackFideId "447003073"]
[EventDate "2025.06.11"]
[EventType "team"]

1. e4 c6 2. c4 d5 3. exd5 cxd5 4. cxd5 Nf6 5. Nc3 Nxd5 6. Nf3 Nc6 7. d4 e6 8.
Bd3 Be7 9. O-O O-O 10. a3 b6 11. Nxd5 Qxd5 12. Qc2 f5 13. Bc4 Qd6 14. Rd1 Na5
15. Ba2 Bb7 16. Ne5 Rac8 17. Qe2 Bd5 18. b4 Nb3 19. Rb1 Nxc1 20. Rbxc1 Bf6 21.
Bxd5 Qxd5 22. Nf3 Rfd8 23. Qa6 Rxc1 24. Rxc1 Bxd4 25. Qxa7 e5 26. Nxd4 Qxd4 27.
h3 e4 28. Rc7 e3 29. Rc1 exf2+ 30. Kf1 Qd3+ 31. Kxf2 Qd2+ 0-1

[Event "FIDE World Rapid Team"]
[Site "London ENG"]
[Date "2025.06.12"]
[Round "7.1"]
[White "Pichot, Alan"]
[Black "Shirov, Alexei"]
[Result "0-1"]
[WhiteTitle "GM"]
[BlackTitle "GM"]
[WhiteElo "2588"]
[BlackElo "2620"]
[WhiteTeam "Duobeniajan Costa Calida ESJ"]
[BlackTeam "Global Ramblers"]
[WhiteFideId "110973"]
[BlackFideId "2209390"]
[EventDate "2025.06.11"]
[EventType "team"]

1. e4 e6 2. d4 d5 3. Nc3 Nf6 4. e5 Nfd7 5. f4 c5 6. Nf3 Nc6 7. Ne2 Be7 8. c3 O-O
9. Be3 f6 10. g3 Qb6 11. Qc1 a5 12. Bh3 cxd4 13. Nexd4 Nxd4 14. Bxd4 Bc5 15. Qc2
fxe5 16. Bxc5 Nxc5 17. Nxe5 Nd7 18. Nf3 e5 19. Bxd7 Bxd7 20. Nxe5 Bf5 21. Qf2
Qb5 22. O-O-O Qa4 23. b3 Qa3+ 24. Qb2 Qc5 25. Rd4 b5 26. Kd2 b4 27. cxb4 axb4
28. Ke3 Rxa2 29. Qxa2 Qc3+ 30. Rd3 Bxd3 31. Qa1 d4+ 32. Kf3 Bc2+ 33. Kg4 d3 34.
Qa6 Qxb3 35. Qd6 d2 36. Qxd2 Be4 37. Re1 Qe6+ 38. Kh4 Qh6+ 39. Kg4 Qe6+ 40. Kh4
g5+ 41. Kxg5 Rf5+ 42. Kh4 Qh6+ 0-1

[Event "FIDE World Rapid Team"]
[Site "London ENG"]
[Date "2025.06.12"]
[Round "7.2"]
[White "Dudin, Gleb"]
[Black "Ibarra Jerez, Jose Carlos"]
[Result "1-0"]
[WhiteTitle "GM"]
[BlackTitle "GM"]
[WhiteElo "2574"]
[BlackElo "2545"]
[WhiteTeam "Global Ramblers"]
[BlackTeam "Duobeniajan Costa Calida ESJ"]
[WhiteFideId "34184934"]
[BlackFideId "2226332"]
[EventDate "2025.06.11"]
[EventType "team"]

1. d4 Nf6 2. c4 d6 3. Nc3 Bf5 4. g3 Nbd7 5. Bg2 c6 6. e4 Bg6 7. Nge2 e5 8. O-O
Be7 9. h3 O-O 10. f4 h6 11. g4 Qa5 12. dxe5 dxe5 13. g5 hxg5 14. fxg5 Qc5+ 15.
Kh2 Qxc4 16. gxf6 Nxf6 17. Qb3 Qa6 18. Ng3 Rad8 19. Be3 b5 20. Rad1 b4 21. Na4
Qb5 22. Bf3 c5 23. Nc3 Qa6 24. Be2 Qb7 25. Nd5 Nxd5 26. exd5 Bd6 27. Nf5 Bxf5
28. Rxf5 e4+ 29. Kh1 g6 30. Rg1 Qd7 31. Bg4 Qc7 32. Qd1 Be5 33. Be2 Bxb2 34. Bc4
Qd7 35. Qg4 Bg7 36. Rf4 Rfe8 37. Qxd7 Rxd7 38. Bb5 Red8 39. Bxd7 Rxd7 40. Rxe4
Rxd5 41. Rc1 Bc3 42. Kg2 a5 43. Rc4 Rd3 44. Kf2 Bd2 45. Ke2 Rxe3+ 46. Kxd2 Rxh3
47. R1c2 a4 48. Rxc5 b3 49. axb3 axb3 50. R2c3 Rh2+ 51. Kd3 b2 52. Rb5 Kg7 53.
Rcb3 f5 54. Rxb2 Rh3+ 55. Ke2 Rg3 56. Kf2 Rh3 57. Kg2 Rh4 58. R2b4 Rh8 59. Rb6
Rc8 60. Ra4 Kh6 61. Raa6 Rc2+ 62. Kf3 Rc3+ 63. Kf4 Rc4+ 64. Ke5 Rg4 65. Ra8 Kg5
66. Rg8 Re4+ 67. Kd5 Kf4 68. Rgxg6 Kf3 69. Rbf6 Kf4 70. Rg1 Re5+ 71. Kd4 Re4+
72. Kd3 Re3+ 73. Kd2 Re5 74. Rf1+ Kg5 75. Rf8 Ra5 76. Ke3 Ra3+ 77. Kf2 Kg4 78.
Rg8+ Kf4 79. Kg2+ Ke5 80. Re8+ Kf6 81. Rf8+ 1-0

[Event "FIDE World Rapid Team"]
[Site "London ENG"]
[Date "2025.06.12"]
[Round "7.3"]
[White "Cuenca Jimenez, Jose Fernando"]
[Black "Glek, Igor"]
[Result "1-0"]
[WhiteTitle "GM"]
[BlackTitle "GM"]
[WhiteElo "2487"]
[BlackElo "2444"]
[WhiteTeam "Duobeniajan Costa Calida ESJ"]
[BlackTeam "Global Ramblers"]
[WhiteFideId "2255570"]
[BlackFideId "4100484"]
[EventDate "2025.06.11"]
[EventType "team"]

1. d4 e6 2. c4 f5 3. a3 Nf6 4. Nc3 g6 5. g3 Bg7 6. Bg2 O-O 7. Nf3 d6 8. O-O Ne4
9. Bd2 Nc6 10. e3 Nxd2 11. Qxd2 e5 12. b4 e4 13. Ne1 Ne7 14. f3 exf3 15. Nxf3 c6
16. Kh1 h6 17. d5 cxd5 18. cxd5 Bd7 19. Nd4 Qb6 20. Rac1 Rfc8 21. Ne6 Bxe6 22.
dxe6 Bxc3 23. Rxc3 d5 24. Rd3 Re8 25. g4 fxg4 26. e4 dxe4 27. Bxe4 Qxe6 28. Bxb7
Rab8 29. Rd6 Qe5 30. Re1 Qg7 31. Rd7 Qf6 32. Qe3 Qb6 33. Qxb6 axb6 34. Rexe7
Rxe7 35. Rxe7 h5 36. Rc7 Rd8 37. Rc8 Rxc8 38. Bxc8 Kf7 39. a4 Ke7 40. a5 bxa5
41. bxa5 Kd8 42. Bxg4 1-0

[Event "FIDE World Rapid Team"]
[Site "London ENG"]
[Date "2025.06.12"]
[Round "7.4"]
[White "Mesropov, Konstantin"]
[Black "Camacho Collados, Marcos"]
[Result "1/2-1/2"]
[WhiteTitle "IM"]
[BlackTitle "IM"]
[WhiteElo "2458"]
[BlackElo "2462"]
[WhiteTeam "Global Ramblers"]
[BlackTeam "Duobeniajan Costa Calida ESJ"]
[WhiteFideId "4116887"]
[BlackFideId "2266237"]
[EventDate "2025.06.11"]
[EventType "team"]

1. d4 d6 2. e4 g6 3. Nc3 Bg7 4. Be2 a6 5. h4 h5 6. Nf3 b5 7. Ng5 Bb7 8. Be3 Nd7
9. f3 Ngf6 10. a4 b4 11. Na2 a5 12. c3 bxc3 13. Qb3 O-O 14. Qxb7 Rb8 15. Qc6
cxb2 16. Rb1 Rb3 17. Nc3 d5 18. exd5 Nb6 19. d6 exd6 20. O-O Qe8 21. Qxe8 Rxe8
22. Bd2 Nfd5 23. Bb5 Bxd4+ 24. Kh1 Bxc3 25. Bxc3 Rxb5 26. axb5 Nxc3 27. Rxb2 d5
28. Rc1 d4 29. Ne4 Nxe4 30. fxe4 Rxe4 31. Rxc7 d3 32. Rd2 Rxh4+ 33. Kg1 Rb4 34.
Rxd3 Rxb5 35. Rb7 Rb1+ 36. Kh2 Rb4 37. Rf3 Kg7 38. Rfxf7+ Kh6 39. Ra7 Rh4+ 40.
Kg1 Nc4 41. Rfe7 Rg4 42. Ra6 h4 43. Kh2 Kh5 44. Rc6 a4 45. Rh7+ Kg5 46. Rc5+ Kf6
47. Kh3 Ne3 48. Rxh4 Rxh4+ 49. Kxh4 Nxg2+ 50. Kg3 Ne3 51. Ra5 Nf5+ 52. Kf4 g5+
53. Kg4 Ne3+ 54. Kf3 Nf5 55. Ra6+ Ke5 56. Kg4 Ne3+ 57. Kxg5 Nc4 58. Rxa4 Kd5 59.
Kf4 Kd4 60. Ra8 Kd5 61. Rd8+ Nd6 62. Rh8 Kd4 63. Rh1 Kd5 64. Re1 Nc4 65. Rd1+
Kc5 66. Ke4 Nd6+ 67. Ke5 Nc4+ 68. Ke6 Ne3 69. Rd3 Nc4 70. Rd8 Ne3 71. Rd7 Nc4
72. Rd3 Nb2 73. Rd5+ Kc4 74. Ke5 Nd3+ 75. Kd6 Nf4 76. Rg5 Kd4 77. Ra5 Ke4 78.
Ra4+ Kf5 79. Rc4 Nd3 80. Rc8 Nf4 81. Re8 Nd3 82. Re3 Nf4 83. Kc5 Ne6+ 84. Kd5
Nf4+ 85. Kd6 Ng2 1/2-1/2

[Event "FIDE World Rapid Team"]
[Site "London ENG"]
[Date "2025.06.12"]
[Round "7.5"]
[White "Khotenashvili, Bella"]
[Black "Zatonskih, Anna"]
[Result "1-0"]
[WhiteTitle "GM"]
[BlackTitle "IM"]
[WhiteElo "2418"]
[BlackElo "2306"]
[WhiteTeam "Duobeniajan Costa Calida ESJ"]
[BlackTeam "Global Ramblers"]
[WhiteFideId "13602640"]
[BlackFideId "14101572"]
[EventDate "2025.06.11"]
[EventType "team"]

1. Nf3 Nf6 2. g3 b5 3. Na3 b4 4. Nc4 e6 5. Bg2 d5 6. Nce5 Bd6 7. c4 bxc3 8. bxc3
O-O 9. O-O c5 10. d4 Qc7 11. Bf4 Nbd7 12. Rc1 Ba6 13. Re1 Rab8 14. Qa4 Bb5 15.
Qa3 Nb6 16. Qa5 Nc4 17. Nxc4 Bxf4 18. gxf4 Qxf4 19. Ne3 Ne4 20. dxc5 g5 21. a4
g4 22. axb5 gxf3 23. exf3 Nxc5 24. Rcd1 Kh8 25. Rd4 Qf6 26. Ng4 Qf5 27. Qxa7
Rxb5 28. Qe7 Rg8 29. Nh6 Rb1 30. Rdd1 Rxd1 31. Rxd1 1-0

[Event "FIDE World Rapid Team"]
[Site "London ENG"]
[Date "2025.06.12"]
[Round "7.6"]
[White "Volkov, Leonid"]
[Black "Torres, Lucas"]
[Result "1-0"]
[WhiteElo "1828"]
[BlackElo "1897"]
[WhiteTeam "Global Ramblers"]
[BlackTeam "Duobeniajan Costa Calida ESJ"]
[WhiteFideId "12848140"]
[BlackFideId "1769464"]
[EventDate "2025.06.11"]
[EventType "team"]

1. e4 e6 2. Nf3 d5 3. exd5 exd5 4. d4 Bd6 5. Be2 Nc6 6. O-O Nge7 7. Bg5 f6 8.
Bh4 Bf5 9. c4 dxc4 10. Bxc4 Qd7 11. Re1 O-O-O 12. Qa4 Kb8 13. Nc3 g5 14. Bg3
Bxg3 15. hxg3 g4 16. Nh4 Qxd4 17. Bb5 Qxa4 18. Bxa4 Bd7 19. Rad1 Kc8 20. Ne4 Ne5
21. Nxf6 Bxa4 22. Rxd8+ Kxd8 23. Rxe5 Bc6 24. Nxg4 Nd5 25. a3 Kd7 26. Rh5 Kd6
27. Rh6+ Kc5 28. b4+ Kb5 29. Ne5 Ka4 30. Nxc6 bxc6 31. Rxc6 Kxa3 32. Ra6+ Kxb4
33. Rxa7 c5 34. Rb7+ Kc3 35. Nf5 h5 36. Rd7 Nb4 37. Rc7 Kc4 38. Ne3+ Kd4 39. Kf1
Ra8 40. Rd7+ Kc3 41. Nd1+ Kb3 42. Rh7 c4 43. Rxh5 Rd8 44. Ke2 Re8+ 45. Ne3 c3
46. Rc5 Rd8 47. g4 Rd2+ 48. Kf3 Nd3 49. Rc8 Rxf2+ 50. Ke4 Rd2 51. Rb8+ Ka2 52.
Ra8+ Kb1 53. Rb8+ Kc1 54. g5 Nc5+ 55. Kf3 Nd7 56. Rb5 Nf8 57. Rc5 c2 58. g4 Kb1
59. Rxc2 Rxc2 60. Nxc2 Kxc2 61. Ke4 Kc3 62. Ke5 Kd3 63. Kf6 Ke4 64. g6 Nd7+ 65.
Ke7 Ke5 66. g5 Nb6 67. g7 Nd5+ 68. Kf7 1-0

[Event "FIDE World Rapid Team"]
[Site "London ENG"]
[Date "2025.06.12"]
[Round "7.1"]
[White "Chinguun, Sumiya"]
[Black "Nihal, Sarin"]
[Result "0-1"]
[WhiteTitle "FM"]
[BlackTitle "GM"]
[WhiteElo "2415"]
[BlackElo "2696"]
[WhiteTeam "The MongolZ"]
[BlackTeam "Ashdod Elit Chess Club"]
[WhiteFideId "4902572"]
[BlackFideId "25092340"]
[EventDate "2025.06.11"]
[EventType "team"]

1. e4 a6 2. d4 c6 3. Nf3 d5 4. e5 Bg4 5. Be2 e6 6. c3 c5 7. Nbd2 Nc6 8. Nb3 cxd4
9. Nfxd4 Bxe2 10. Qxe2 Nge7 11. O-O Rc8 12. f4 Nxd4 13. Nxd4 Nc6 14. f5 Nxd4 15.
cxd4 Qh4 16. fxe6 fxe6 17. Be3 Qe4 18. Qf2 Be7 19. Qf3 Rf8 20. Qxe4 dxe4 21.
Rxf8+ Bxf8 22. Rf1 Rc2 23. Rf2 Rxf2 24. Kxf2 Kd7 25. Ke2 Kc6 26. Kd2 Bb4+ 27.
Kc2 b5 28. a3 Ba5 29. b4 Bd8 30. g3 Kd5 31. Kc3 a5 32. h4 g6 33. Kb3 Kc6 34. Kc3
Bc7 35. Bf2 Kd5 36. Be3 Bd8 37. Bd2 a4 38. Be3 Be7 39. Bd2 Bf8 40. g4 h6 41. Be3
Be7 42. h5 g5 43. Bf2 Bd8 44. Be3 Bc7 45. Bxg5 hxg5 0-1